40 logos de marques en images - n°2 - Statistiques

Statistiques générales
  • Ce quiz a été pris 323 fois
  • Le résultat moyen est 32 sur 40
Statistiques - réponses
Par images Réponse % Correct
Apple
99%
Google
98%
Monster
98%
RedBull
98%
Bic
97%
Carrefour
97%
La Poste
97%
Snapchat
97%
Wikipedia
96%
KFC
95%
Spotify
95%
Calvin Klein
94%
LG
92%
Louis Vuitton
92%
Xbox
91%
Crédit Agricole
89%
Asics
88%
Domino's Pizza
88%
Air Bnb
86%
Vache qui rit
86%
Gucci
85%
Skoda
85%
Bentley
84%
Champion
83%
Foot Locker
83%
Olympique de Marseille
83%
Nintendo Switch
81%
Playboy
78%
Caisse d'épargne
72%
Internet explorer
71%
Meta
69%
Mitsubishi
62%
RATP
61%
Under Armour
60%
Mozilla Firefox
57%
Beats
54%
Guiness
53%
Electronic Arts
42%
Jagermeister
25%
Baccardi
22%
Aucun quiz correspondant
Distribution des résultats
% des personnes avec chaque résultat
Percentile par nombre de réponses
Votre historique - résultats
Vous n’avez pas pris ce quiz